00810nam a2200181 a 450000100100000000500170001000800410002704000250006808200150009310000240010824500880013226000350022030000890025559000750034470000780041995201140049799900170061100003537920200930074310.0111031s1974 ag 000 0 spa d aDO-SdBNPbspacBNPHU axxxbR724p1 aRoher, C. R.96119313aEl proceso de convertirse en persona :bMi técnica terapéutica /cC. R. Rogers. aBuenos Aires :bPaidos,c1974. a356 p. :bBiblioteca de psiquiatría, psicolpatología y psicosomaticav48b23 cm. aPerteneció a la biblioteca personal de Juan Isidro Jimenes Grullón1 aBiblioteca de psiquiatría, psicolpatología y psicosomaticab23961194 0010507-18MOaGRbGRcOId2011-10-31iLF1l0oxxx R724pp35379-10r2020-06-25w2020-06-25y1ZNo se presta c34870d34870